000 00755nam a2200241Ia 4500
001 16609
003 GE_BSU
008 181216s||||||||xx |||||||||||||| ||und||
040 _cGE_BSU
080 _a821.353.1-1
100 _aნადარეიშვილი, ლაშა
245 _aბილიკ-ბილიკ
245 _bლექსები
245 _cრედ.ზ.კუხიანიძე.მხ.ა.ტატანაშვილი
250 _a1-ლი გამოც
260 _aქუთაისი
260 _bსაბჭ. საქართველო
260 _c1994
300 _a38გვ. ; 16სმ
653 _aბილიკ-ბილიკ
653 _aლექსები
942 _cBK
999 _c49676
_d49676